nhs girls as disney princesses - Statistics

General Stats
  • This quiz has been taken 44 times
  • The average score is 7 of 15
Answer Stats
Hint Answer % Correct
Jasmine Lara
78%
Aurora Katie
70%
Rapunzel Abby
65%
Wendy Emily
65%
Ariel Purdy
61%
Belle Sofia
52%
Elsa Jess Hill
48%
Pocahontas Beatriz
43%
Alice Lily Montague
43%
Cinderella Annabel
39%
Anna Bryanna
39%
Esmerelda Montana
35%
Snow White Sabrina
30%
Tinkerbell Tasha
30%
Mulan Chen Cheng
26%
No matching quizzes found
Score Distribution
Percent of People with Each Score
Percentile by Number Answered
Your Score History
You have not taken this quiz